000 00394nam a2200145Ia 4500
008 231129s2000||||xx |||||||||||||| ||spa||
020 _a958-653-240-2
040 _bspa
082 _a343.04 Y67r
100 _aYounes Moreno Diego
245 0 _aRégimen del control fiscal y del control interno
260 _c2000
264 _aLegis
942 _2ddc
_cBKS
999 _c23859
_d23859